'W' Blitz Quiz Stats

 Plays Quiz Updated Dec 6, 2014

Also try: 'X' Blitz
Challenge
Share
Tweet
Embed
Score 0/40 Timer 04:00
8 Plays Today
Category Answer % Correct
Day of the WeekWednesday
98.6%
SeasonWinter
98.2%
Cardinal DirectionWest
97.3%
Question WordWho
96.6%
US StateWyoming
96.1%
Marine MammalWalrus
93.8%
Cereal CropWheat
91%
Ballroom DanceWaltz
89.2%
NutWalnut
87.9%
US President ('First' Name)William
86.5%
Nation of Great BritainWales
86.3%
Flintstones Family MemberWilma
85.8%
Orchestra SectionWoodwind
84.5%
Toy Story CharacterWoody
84.4%
Darling Child (Peter Pan)Wendy
82.3%
Grand Slam Tennis EventWimbledon
81.4%
ToothWisdom
79.3%
Distilled SpiritWhisky
71.3%
Wright BrotherWilbur
69.7%
European CapitalWarsaw
65.2%
Category Answer % Correct
Clue (Cluedo) SurnameWhite
64.5%
Olympic SportWeightlifting
64.1%
American Football PositionWide Receiver
62.2%
Three 'R'sWriting
62.1%
Emily Brontë novelWuthering Heights
60.6%
A.A. Milne CharacterWinnie the Pooh
60.6%
NBA Team NameWizards
58.1%
Deadly SinWrath
53.6%
Simple MachineWedge
46.8%
Oceania CapitalWellington
45.8%
Pixar MovieWALL-E
45%
Star Wars RaceWookiee
43.7%
AKC Dog BreedWhippet
37.3%
Looney Tunes CharacterWile E. Coyote
32.2%
Roald Dahl Book (The..)Witches
30.4%
Monopoly SquareWater Works
28.1%
English CountyWorcestershire
25.2%
Simpson CharacterWaylon Smithers
24.7%
Oscar Best PictureWest Side Story
15.7%
Tarot Card SuitWands
13.7%

You're not logged in!

Compare scores with friends on all Sporcle quizzes.
Join for Free
OR
Log In

You Might Also Like...

Show Comments

Extras

Top Quizzes Today


Score Distribution

Your Account Isn't Verified!

In order to create a playlist on Sporcle, you need to verify the email address you used during registration. Go to your Sporcle Settings to finish the process.

Report this User

Report this user for behavior that violates our Community Guidelines.

Details: